La Masonería en España (Record no. 166330)

MARC details
000 -LEADER
campo de control de longitud fija 00673nam a22001935i 4500
001 - NÚMERO DE CONTROL
campo de control 166330
003 - IDENTIFICADOR DE NÚMERO DE CONTROL
campo de control ES-MaACL
005 - FECHA Y HORA DE LA ÚLTIMA TRANSACCIÓN
campo de control 20230906213317.0
008 - DATOS DE LONGITUD FIJA--INFORMACIÓN GENERAL
campo de control de longitud fija 940206m1893 sp |||| | spa d
040 ## - FUENTE DE CATALOGACIÓN
Centro catalogador/agencia de origen CAM
Lengua de catalogación spa
080 ## - NÚMERO DE LA CLASIFICACIÓN DECIMAL UNIVERSAL
Número de la Clasificación Decimal Universal 061.236.6(460)"18"
100 1# - ENTRADA PRINCIPAL--NOMBRE DE PERSONA
Nombre de persona Tirado y Rojas, Mariano.
9 (RLIN) 133263
245 13 - MENCIÓN DEL TÍTULO
Título La Masonería en España
Resto del título : ensayo histórico /
Mención de responsabilidad, etc. Mariano Tirado y Rojas.
260 ## - PUBLICACIÓN, DISTRIBUCIÓN, ETC.
Lugar de publicación, distribución, etc. Madrid :
Nombre del editor, distribuidor, etc. [s.n.],
Fecha de publicación, distribución, etc. 1893 (
Fabricante Imp. de Enrique Maroto y Hermano)
300 ## - DESCRIPCIÓN FÍSICA
Extensión 390 p. ;
Dimensiones 19 cm.
505 8# - NOTA DE CONTENIDO CON FORMATO
Nota de contenido con formato Sólo v. II: La Masonería en España. Parte segunda.
610 2# - PUNTO DE ACCESO ADICIONAL DE MATERIA--NOMBRE DE ENTIDAD CORPORATIVA
Nombre de entidad corporativa o nombre de jurisdicción como elemento de entrada Masonería-
Subdivisión geográfica España-
Subdivisión cronológica S.XIX.
9 (RLIN) 5663
852 ## - LOCALIZACIÓN
Ubicación ES-MaACL
Número de control de estantería B-13235
condición física .- Ejemp. sin portada
Holdings
Estatus retirado Estado de pérdida Estado de daño No para préstamo Colección Biblioteca de origen Biblioteca actual Ubicación en estantería Fecha de adquisición Fuente de adquisición Total de préstamos Signatura topográfica completa Código de barras Visto por última vez Precio de reemplazo Tipo de ítem Koha
        Libros del s. XIX Biblioteca del Ateneo de Madrid Biblioteca del Ateneo de Madrid Sala Pardo Bazán 17/01/2008     B-13235 1174436 23/02/2023 23/02/2023 Libro impreso antiguo